Loading...
| Mythology | 0 | 7 | 0 | 1 | 70 | 30 | 84.43 | 1 | 4 | 0.00 | 0.00 |
| Science - Other | 0 | 2 | 0 | 1 | 20 | 84 | 102.00 | 0 | 0 | 0.00 | 0.00 |
| Religion | 0 | 2 | 0 | 0 | 20 | 52 | 70.00 | 1 | 1 | 0.00 | 0.00 |
| Fine Arts - Classical Music | 0 | 1 | 0 | 0 | 10 | 110 | 110.00 | 0 | 0 | 0.00 | 0.00 |
| Fine Arts - Painting and Sculpture | 0 | 1 | 0 | 0 | 10 | 77 | 77.00 | 0 | 0 | 0.00 | 0.00 |
| History - Other | 0 | 1 | 0 | 0 | 10 | 60 | 60.00 | 0 | 1 | 0.00 | 0.00 |
| Literature - American | 0 | 1 | 1 | 0 | 5 | 136 | 136.00 | 0 | 0 | 0.00 | 0.00 |
| History - European | 0 | 1 | 1 | 0 | 5 | 117 | 117.00 | 0 | 0 | 0.00 | 0.00 |
| Science - Physics | 0 | 1 | 1 | 0 | 5 | 44 | 44.00 | 0 | 0 | 0.00 | 0.00 |
| Science - Chemistry | 0 | 1 | 2 | 0 | 0 | 83 | 83.00 | 0 | 1 | 0.00 | 0.00 |
| Science - Biology | 0 | 0 | 1 | 0 | -5 | 0.00 | 0 | 0 | 0.00 | 0.00 |